00345nam a2200157Ia 4500008004000000041000800040082001100048100001700059245003000076260003500106650001000141650001100151650000700162650000700169650001100176210210b1949 xxu||||| |||| 00| 0 eng d aeng a911/40 aMORTON (H V) aIn search of South Africa aLondonbMethuen & co ltdc1949 aSouth asearch aof aIn aAfrica